Länder mit mehr Nachbarländern als Buchstaben - Statistiken

Allgemein
  • Dieses Quiz wurde 104 mal gespielt
  • Das Durchschnittsergebnis liegt bei 9 aus 17
Antwortstatistiken
Länder % Korrekt
China
91%
Irak
83%
Iran
83%
Peru
70%
Laos
66%
Mali
66%
Russland
66%
Sudan
63%
Niger
60%
Polen
58%
Sambia
40%
Türkei
39%
Ungarn
39%
Serbien
33%
Brasilien
28%
Frankreich
24%
Libyen
22%
Keine übereinstimmenden Quizze gefunden
Verteilung der Resultate
Anzahl Personen mit jedem Resultat
Perzentil nach korrekt beantworteten Fragen
Ihre Resultats-Entwicklung
Sie haben dieses Quiz noch nicht gespielt